Machining and machine tools (Record no. 576338)

000 -LEADER
fixed length control field 00466nam a22001817a 4500
003 - CONTROL NUMBER IDENTIFIER
control field CEME
005 - DATE AND TIME OF LATEST TRANSACTION
control field 20210628204132.0
008 - FIXED-LENGTH DATA ELEMENTS--GENERAL INFORMATION
fixed length control field 210112b xxu||||| |||| 00| 0 eng d
020 ## - INTERNATIONAL STANDARD BOOK NUMBER
International Standard Book Number 9788126530984
040 ## - CATALOGING SOURCE
Transcribing agency ceme
082 ## - DEWEY DECIMAL CLASSIFICATION NUMBER
Classification number 671.35 CHA
100 ## - MAIN ENTRY--PERSONAL NAME
Personal name Chattopadhyay, A.B
9 (RLIN) 68878
245 ## - TITLE STATEMENT
Title Machining and machine tools
260 ## - PUBLICATION, DISTRIBUTION, ETC.
Place of publication, distribution, etc. DELHI
Name of publisher, distributor, etc. WILEY INDIA
Date of publication, distribution, etc. 2011
300 ## - PHYSICAL DESCRIPTION
Extent XXIV, 802P
650 ## - SUBJECT ADDED ENTRY--TOPICAL TERM
Topical term or geographic name entry element MACHINING.MACHINE TOOLS-TYPES.
9 (RLIN) 68879
942 ## - ADDED ENTRY ELEMENTS (KOHA)
Koha item type Book
Source of classification or shelving scheme
Holdings
Withdrawn status Lost status Damaged status Not for loan Permanent Location Current Location Shelving location Date acquired Total Checkouts Full call number Barcode Date last seen Price effective from Koha item type
        College of Electrical & Mechanical Engineering (CEME) College of Electrical & Mechanical Engineering (CEME) General Stacks 08/03/2017   671.35 CHA CEME-46733 06/28/2021 06/28/2021 Book
© 2023 Central Library, National University of Sciences and Technology. All Rights Reserved.